| 000 | 00516nam a22001697a 4500 | ||
|---|---|---|---|
| 003 | LK-CoDNM | ||
| 005 | 20240723144443.0 | ||
| 008 | 240723b |||||||| |||| 00| 0 eng d | ||
| 040 |
_aLK-CoDNM _dLK-CoDNM _eLK-CoDNM |
||
| 041 | _aeng | ||
| 080 |
_a8 _bCC46 |
||
| 100 | _aED.Maspero,G and W.Harry Rylands | ||
| 245 | _aThe Life Work of Sir Peter Le Page Renouf First Series Egyptological and Philological Essays Volume 1 | ||
| 260 |
_aParis _bErnest Leroux _c1902 |
||
| 300 | _a460p, : ill ; 26 cm | ||
| 942 | _cBK | ||
| 999 |
_c146042 _d146042 |
||